=LDR 00000nam 2200000 4500 =001 INLIS000000000051547 =005 20170929075349 =035 ##$$a 0010-0917000351 =007 ta =008 170929###########################0###### =020 ##$$a 978-602-0869-98-8 =082 ##$$a 370.114 =084 ##$$a 370.114 NUR m =100 #$$a Nur Iswaro =245 1#$$a Menanamkan Nilai-Nilai Antikorupsi /$c Nur Iswaro =260 ##$$a Yogyakarta :$b Indoliterasi,$c 2017 =300 ##$$a v, 126 hlm : $b ilus. ; $c 21 cm =500 ##$$a Biografi : Hlm. 126 =650 ##$$a Pendidikan Moral-Anti Korupsi =504 ##$$a Bibliografi : Hlm. 125 =990 ##$$a 1184611846 =990 ##$$a 1184611846 =990 ##$$a 1184611846 =990 ##$$a 1184611846 =990 ##$$a 1184611846 =990 ##$$a 21703491 =990 ##$$a 01201711846 =990 ##$$a 01201711847 =990 ##$$a 01201711848 =990 ##$$a 01201711849 =990 ##$$a 21703492 =990 ##$$a 01201711846 =990 ##$$a 01201711847 =990 ##$$a 01201711848 =990 ##$$a 21703491 =990 ##$$a 21703493 =990 ##$$a 01201711846 =990 ##$$a 01201711847 =990 ##$$a 21703492 =990 ##$$a 21703491 =990 ##$$a 21703494 =990 ##$$a 01201711846 =990 ##$$a 21703493 =990 ##$$a 21703492 =990 ##$$a 21703491 =990 ##$$a 21703495 =990 ##$$a 21703494 =990 ##$$a 21703493 =990 ##$$a 21703492 =990 ##$$a 21703491